书目信息 |
| 题名: |
工程力学
|
|
| 作者: | 张力 主编 ;孟春玲 , 张媛 编著 | |
| 分册: | ||
| 出版信息: | 北京 清华大学出版社 2006.04 |
|
| 页数: | 226页 | |
| 开本: | 23cm | |
| 丛书名: | ||
| 单 册: | ||
| 中图分类: | TB12 | |
| 科图分类: | ||
| 主题词: | 工程力学--gong cheng li xue--高等学校--教材 | |
| 电子资源: | ||
| ISBN: | 7-302-12625-9 | |
| 000 | 00944nam0 2200253 450 | |
| 001 | 012006501450 | |
| 005 | 20061128103005.06 | |
| 010 | @a7-302-12625-9@dCNY25.00 | |
| 100 | @a20061008d2006 km y0chiy0120 ea | |
| 101 | 0 | @achi |
| 102 | @aCN@b110000 | |
| 105 | @aa a 000yy | |
| 200 | 1 | @a工程力学@Agong cheng li xue@f张力主编@Fzhang li zhu bian@g孟春玲, 张媛编著@Gmeng chun ling,zhang yuan bian zhu |
| 210 | @a北京@c清华大学出版社@d2006.04 | |
| 215 | @a226页@c图@d23cm | |
| 320 | @a有书目。 | |
| 330 | @a本书分为静力学与材料力学两部分。静力学内容包括静力学基本公理、定理,平面汇交力系,平面力偶系,平面任意力系;材料力学内容包括轴向拉伸、压缩,剪切,扭转,弯曲,组合变形,交变应力。 | |
| 606 | 0 | @a工程力学@Agong cheng li xue@x高等学校@j教材 |
| 690 | @aTB12@v4 | |
| 701 | 0 | @a张力@Azhang li@4主编 |
| 702 | 0 | @a孟春玲@Ameng chun ling@4编著 |
| 702 | 0 | @a张媛@Azhang yuan@4编著 |
| 801 | 0 | @aCN@c20061128 |
| 905 | @a10447@dTB12@eZ133 | |
| 工程力学/张力主编/孟春玲, 张媛编著.-北京:清华大学出版社,2006.04 |
| 226页:图;23cm |
| ISBN 7-302-12625-9:CNY25.00 |
| 本书分为静力学与材料力学两部分。静力学内容包括静力学基本公理、定理,平面汇交力系,平面力偶系,平面任意力系;材料力学内容包括轴向拉伸、压缩,剪切,扭转,弯曲,组合变形,交变应力。 |
| ● |
| 相关链接 |
|
|
|
正题名:工程力学
索取号:TB12/Z133
 
预约/预借
| 序号 | 登录号 | 条形码 | 馆藏地/架位号 | 状态 | 备注 |
| 1 | 222729 | 202227296 | 自科库501/501自科库 3排2列5层/ [索取号:TB12/Z133] | 在馆 | |
| 2 | 222730 | 202227303 | 自科库501/501自科库 3排2列5层/ [索取号:TB12/Z133] | 在馆 | |
| 3 | 222731 | 202227312 | 自科库501/501自科库 3排2列5层/ [索取号:TB12/Z133] | 在馆 |